000
00280nam a2200109Ia 4500
008
220204s9999 xx 000 0 und d
082
_a
330.143.2
_b
WOO
100
_a
WOOD, E G
245
0
_a
Added value: The key to prosperity
260
_a
London
_b
Business books
_c
1978
942
_c
BK
999
_c
32354
_d
32354